000 00479nam a2200133 4500
999 _c9045
_d9045
008 180405b ||||| |||| 00| 0 eng d
082 _aDPer 050 Dec 2015-Mar 2016 T48 v186-187
100 _927170
_aThompson, Mark.
245 _aWar on ISIS update:
_btwo steps forward, one step back/
_cMark Thompson.
260 _aNew York:
_bTime Inc.,
_c©Dec 2015-Mar 2016.
300 _av187 n6-7, pages 12-13:
_billustrations;
_c27 cm.
650 0 _927171
_aTerrorism.
942 _2ddc
_cPER